| 000 | 00456nam a22001337a 4500 | ||
|---|---|---|---|
| 082 | _aMS-PhD-IT SAI | ||
| 100 |
_aSaima Sadaf _9106765 |
||
| 245 | _aTwo dimensional irregular stock packing optimization | ||
| 260 |
_a Islamabad _bNUST School of Electrical Engineering and Computer Science _c2013 |
||
| 300 |
_a53p. : _eCD-Rom |
||
| 500 | _aSupervisor: Dr. Anjum Naveed | ||
| 856 | _uhttp://10.250.8.41:8080/xmlui/handle/123456789/31934 | ||
| 942 |
_cPR _2ddc |
||
| 999 |
_c12742 _d12742 |
||